[Event "DVM U20w 2018"]
[Site "Osnabrück GER"]
[Date "2018.12.28"]
[Round "3"]
[White "Ley, Sabrina"]
[Black "Mönster, Madita"]
[Result "1/2-1/2"]
[Termination "normal"]
[Board "1.2"]
[WhiteElo "1829"]
[BlackElo "1869"]
[WhiteClock "00:24:44"]
[BlackClock "00:01:04"]
[WhiteTeam "SV Stuttgart-Wolfbusch"]
[BlackTeam "SV Lingen"]
[PlyCount "81"]
[WhiteFideId "12938130"]
[BlackFideId "12947156"]
[EventCountry "GER"]
[EventRounds "7"]
[EventType "team-swiss"]
[EventDate "2018.12.26"]

1. e4 {[%clk 1:30:58]} c5 {[%clk 1:30:51]} 2. Nc3 {[%clk 1:31:24]} a6 {[%clk
1:31:05]} 3. Nge2 {[%clk 1:30:48]} b5 4. d3 {[%clk 1:29:02]} e6 {[%clk
1:26:05]} 5. g3 {[%clk 1:28:07]} Bb7 {[%clk 1:25:50]} 6. Bg2 {[%clk 1:28:28]}
Be7 {[%clk 1:22:39]} 7. O-O {[%clk 1:28:36]} Nc6 {[%clk 1:14:37]} 8. f4 {[%clk
1:25:14]} b4 {[%clk 1:04:20]} 9. Nb1 {[%clk 1:23:08]} d5 {[%clk 0:59:49]} 10.
f5 {[%clk 1:06:23]} Nf6 {[%clk 0:54:20]} 11. fxe6 {[%clk 0:56:49]} fxe6 {[%clk
0:54:36]} 12. Nf4 {[%clk 0:38:59]} Qd6 {[%clk 0:51:12]} 13. exd5 exd5 {[%clk
0:44:43]} 14. Nxd5 {[%clk 0:33:04]} O-O 15. Bf4 {[%clk 0:28:01]} Qd7 {[%clk
0:42:15]} 16. Nxe7+ {[%clk 0:27:16]} Nxe7 {[%clk 0:39:30]} 17. Bxb7 {[%clk
0:26:15]} Qxb7 {[%clk 0:39:51]} 18. Nd2 Nfd5 {[%clk 0:37:06]} 19. Qg4 {[%clk
0:20:13]} Nf5 {[%clk 0:33:24]} 20. Nc4 {[%clk 0:13:56]} Kh8 {[%clk 0:17:18]}
21. Rae1 {[%clk 0:11:12]} Nd4 {[%clk 0:15:22]} 22. Nd6 {[%clk 0:08:53]} Qa7
{[%clk 0:11:46]} 23. Qg5 {[%clk 0:07:27]} Nxf4 {[%clk 0:10:16]} 24. Rxf4 {[%clk
0:05:35]} Rxf4 {[%clk 0:04:05]} 25. Qxf4 {[%clk 0:05:46]} Kg8 {[%clk 0:03:43]}
26. Qe4 {[%clk 0:04:18]} Rf8 {[%clk 0:03:28]} 27. Qd5+ {[%clk 0:03:46]} Kh8
{[%clk 0:03:22]} 28. Nf7+ {[%clk 0:02:00]} Kg8 {[%clk 0:03:33]} 29. Ng5+ {[%clk
0:01:47]} Kh8 {[%clk 0:03:55]} 30. Nf7+ {[%clk 0:02:06]} Kg8 {[%clk 0:04:19]}
31. Ng5+ {[%clk 0:02:34]} Kh8 {[%clk 0:04:42]} 32. Qd6 {[%clk 0:01:15]} Qa8
{[%clk 0:03:55]} 33. Qe7 {[%clk 0:00:39]} Nf3+ {[%clk 0:00:39]} 34. Nxf3 {[%clk
0:01:08]} Qxf3 {[%clk 0:00:52]} 35. Qe3 {[%clk 0:01:26]} Qf5 {[%clk 0:00:34]}
36. c3 {[%clk 0:00:59]} a5 {[%clk 0:00:38]} 37. Qe2 {[%clk 0:01:02]} Qd7 {[%clk
0:00:34]} 38. Qe7 {[%clk 0:00:45]} Qf5 {[%clk 0:00:38]} 39. Qe2 {[%clk
0:01:04]} Qd7 {[%clk 0:00:51]} 40. Qe7 {[%clk 0:00:44]} Qf5 {[%clk 0:01:04]}
41. Qe2 {[%clk 0:24:44]} 1/2-1/2

[Event "DVM U20w 2018"]
[Site "Osnabrück GER"]
[Date "2018.12.28"]
[Round "3"]
[White "Möller, Hannah"]
[Black "Kobald, Jacqueline"]
[Result "1-0"]
[Termination "normal"]
[Board "1.3"]
[WhiteElo "1846"]
[BlackElo "1797"]
[WhiteClock "00:40:57"]
[BlackClock "00:01:00"]
[WhiteTeam "SV Lingen"]
[BlackTeam "SV Stuttgart-Wolfbusch"]
[PlyCount "67"]
[WhiteFideId "1270514"]
[BlackFideId "12988162"]
[EventCountry "GER"]
[EventRounds "7"]
[EventType "team-swiss"]
[EventDate "2018.12.26"]

1. Nf3 {[%clk 1:30:57]} Nf6 {[%clk 1:30:52]} 2. g3 {[%clk 1:31:20]} g6 {[%clk
1:31:03]} 3. Bg2 {[%clk 1:31:44]} Bg7 {[%clk 1:31:21]} 4. O-O {[%clk 1:32:08]}
O-O {[%clk 1:31:28]} 5. c4 {[%clk 1:32:28]} d6 {[%clk 1:31:30]} 6. d4 {[%clk
1:32:50]} Nc6 {[%clk 1:30:22]} 7. Nc3 {[%clk 1:32:56]} a6 {[%clk 1:30:08]} 8.
Be3 {[%clk 1:32:03]} Ng4 {[%clk 1:21:34]} 9. Bf4 {[%clk 1:29:25]} e5 {[%clk
1:14:26]} 10. dxe5 {[%clk 1:28:54]} Ngxe5 {[%clk 1:10:03]} 11. Nxe5 {[%clk
1:27:16]} dxe5 {[%clk 1:06:01]} 12. Bd2 {[%clk 1:24:24]} Be6 {[%clk 1:00:26]}
13. Nd5 {[%clk 1:19:45]} Nd4 {[%clk 0:54:33]} 14. e3 {[%clk 1:15:12]} Nf5
{[%clk 0:52:44]} 15. Qc2 {[%clk 1:08:41]} Rc8 {[%clk 0:44:39]} 16. Bb4 {[%clk
1:05:12]} c5 {[%clk 0:28:46]} 17. Bc3 {[%clk 1:03:54]} Nd6 {[%clk 0:27:18]} 18.
b3 {[%clk 0:58:40]} b5 {[%clk 0:27:26]} 19. Qb2 {[%clk 0:54:09]} f6 {[%clk
0:23:19]} 20. Rfd1 {[%clk 0:53:05]} b4 {[%clk 0:19:45]} 21. Nxb4 {[%clk
0:48:58]} cxb4 {[%clk 0:15:24]} 22. Bxb4 {[%clk 0:49:21]} Nxc4 {[%clk 0:06:02]}
23. bxc4 {[%clk 0:47:35]} Qc7 {[%clk 0:05:18]} 24. Bxf8 {[%clk 0:47:06]} Bxf8
{[%clk 0:04:46]} 25. Bd5 {[%clk 0:46:21]} Bxd5 {[%clk 0:02:41]} 26. cxd5 {[%clk
0:46:32]} Rb8 {[%clk 0:02:32]} 27. Qc1 {[%clk 0:45:22]} Qd6 {[%clk 0:01:46]}
28. Qc6 {[%clk 0:43:51]} e4 {[%clk 0:01:38]} 29. Rac1 {[%clk 0:42:34]} Rd8
{[%clk 0:01:35]} 30. Qxd6 {[%clk 0:41:22]} Rxd6 {[%clk 0:00:51]} 31. Rc6 {[%clk
0:41:43]} Kg7 {[%clk 0:00:54]} 32. Rxd6 {[%clk 0:40:13]} Bxd6 {[%clk 0:01:21]}
33. Rd4 {[%clk 0:40:36]} f5 {[%clk 0:01:00]} 34. Ra4 {[%clk 0:40:57]} 1-0

[Event "DVM U20w 2018"]
[Site "Osnabrück GER"]
[Date "2018.12.28"]
[Round "3"]
[White "Liu, Sijia Anna"]
[Black "Schäfer, Leonie"]
[Result "1-0"]
[Termination "normal"]
[Board "1.4"]
[WhiteElo "1607"]
[BlackElo "1436"]
[WhiteClock "00:30:07"]
[BlackClock "00:41:16"]
[WhiteTeam "SV Stuttgart-Wolfbusch"]
[BlackTeam "SV Lingen"]
[PlyCount "57"]
[WhiteFideId "12989746"]
[BlackFideId "16241851"]
[EventCountry "GER"]
[EventRounds "7"]
[EventType "team-swiss"]
[EventDate "2018.12.26"]

1. e4 {[%clk 1:30:57]} g6 {[%clk 1:30:56]} 2. d4 {[%clk 1:31:02]} Bg7 {[%clk
1:31:20]} 3. Nc3 {[%clk 1:31:14]} c6 {[%clk 1:31:45]} 4. f4 {[%clk 1:30:32]}
Nf6 {[%clk 1:32:09]} 5. Nf3 {[%clk 1:30:13]} O-O {[%clk 1:31:24]} 6. Bd3 {[%clk
1:28:11]} d6 {[%clk 1:31:14]} 7. Be3 {[%clk 1:25:37]} Qb6 {[%clk 1:30:53]} 8.
Qc1 {[%clk 1:20:52]} Bg4 {[%clk 1:29:34]} 9. O-O {[%clk 1:18:35]} Bxf3 {[%clk
1:28:48]} 10. Rxf3 {[%clk 1:18:21]} Ng4 {[%clk 1:29:01]} 11. Ne2 {[%clk
1:11:36]} Nxe3 {[%clk 1:11:00]} 12. Qxe3 {[%clk 1:08:32]} Qxb2 {[%clk 1:11:09]}
13. Raf1 {[%clk 1:08:41]} Nd7 {[%clk 1:07:45]} 14. Bc4 {[%clk 1:05:32]} Qxc2
{[%clk 1:06:28]} 15. Bb3 {[%clk 1:04:46]} Qb2 {[%clk 1:06:25]} 16. Qd3 Kh8
{[%clk 0:57:23]} 17. Rh3 {[%clk 0:54:48]} c5 {[%clk 0:54:45]} 18. Rb1 {[%clk
0:41:32]} Qa3 {[%clk 0:53:17]} 19. f5 {[%clk 0:38:47]} cxd4 {[%clk 0:53:03]}
20. fxg6 {[%clk 0:35:18]} Ne5 {[%clk 0:50:42]} 21. Rxh7+ {[%clk 0:33:12]} Kg8
{[%clk 0:50:44]} 22. Bxf7+ {[%clk 0:32:58]} Nxf7 {[%clk 0:48:15]} 23. Qxa3
{[%clk 0:32:53]} Ng5 {[%clk 0:46:05]} 24. Qb3+ {[%clk 0:31:22]} e6 {[%clk
0:46:04]} 25. Rh5 {[%clk 0:30:44]} Bf6 {[%clk 0:44:51]} 26. h4 {[%clk 0:29:43]}
Nxe4 {[%clk 0:40:41]} 27. Qxe6+ {[%clk 0:29:52]} Kg7 {[%clk 0:40:59]} 28. Rxb7+
{[%clk 0:29:51]} Kxg6 {[%clk 0:41:16]} 29. Nf4# {[%clk 0:30:07]} 1-0

[Event "DVM U20w 2018"]
[Site "Osnabrück GER"]
[Date "2018.12.28"]
[Round "3"]
[White "Wiesner, Paula"]
[Black "Rosmait, Emily"]
[Result "1-0"]
[Termination "normal"]
[Board "2.1"]
[WhiteElo "1966"]
[BlackElo "1911"]
[WhiteClock "00:29:39"]
[BlackClock "00:04:14"]
[WhiteTeam "SC Borussia Lichtenberg"]
[BlackTeam "TuRa Harksheide von 1945 Norderstedt"]
[PlyCount "67"]
[WhiteFideId "24654019"]
[BlackFideId "12937754"]
[EventCountry "GER"]
[EventRounds "7"]
[EventType "team-swiss"]
[EventDate "2018.12.26"]

1. d4 {[%clk 1:30:59]} d6 {[%clk 1:30:48]} 2. e4 {[%clk 1:31:21]} Nf6 {[%clk
1:31:07]} 3. Bd3 {[%clk 1:30:51]} Nbd7 {[%clk 1:31:02]} 4. f4 {[%clk 1:29:14]}
c5 {[%clk 1:17:05]} 5. e5 {[%clk 1:22:17]} Nd5 {[%clk 1:14:06]} 6. e6 {[%clk
1:20:49]} N7f6 {[%clk 1:13:19]} 7. Bb5+ {[%clk 1:20:08]} Nd7 {[%clk 1:11:19]}
8. exd7+ {[%clk 1:18:20]} Bxd7 {[%clk 1:11:41]} 9. Bxd7+ {[%clk 1:17:49]} Qxd7
{[%clk 1:12:10]} 10. c4 {[%clk 1:12:47]} Nf6 {[%clk 1:04:49]} 11. dxc5 {[%clk
1:12:21]} O-O-O {[%clk 1:04:14]} 12. Nf3 Qc7 {[%clk 0:46:37]} 13. Qe2 {[%clk
1:03:21]} e6 {[%clk 0:45:40]} 14. Nc3 {[%clk 1:00:54]} d5 {[%clk 0:37:54]} 15.
b4 {[%clk 0:53:36]} h6 {[%clk 0:34:18]} 16. Nb5 {[%clk 0:50:51]} Qb8 {[%clk
0:33:16]} 17. Qe5 {[%clk 0:49:21]} a6 {[%clk 0:32:54]} 18. Qxb8+ {[%clk
0:49:27]} Kxb8 {[%clk 0:33:20]} 19. Nd6 {[%clk 0:46:08]} Bxd6 {[%clk 0:33:20]}
20. cxd6 {[%clk 0:46:32]} Rxd6 {[%clk 0:33:41]} 21. Bb2 {[%clk 0:44:49]} Rb6
{[%clk 0:31:34]} 22. Bxf6 {[%clk 0:44:02]} gxf6 {[%clk 0:32:02]} 23. cxd5
{[%clk 0:44:14]} exd5 {[%clk 0:32:01]} 24. a3 {[%clk 0:42:55]} a5 {[%clk
0:30:00]} 25. Rb1 {[%clk 0:42:01]} Re6+ {[%clk 0:26:07]} 26. Kf2 {[%clk
0:41:29]} axb4 {[%clk 0:26:32]} 27. Rxb4 {[%clk 0:36:35]} Rc8 {[%clk 0:26:54]}
28. Rd1 Rc5 {[%clk 0:16:08]} 29. Nd4 {[%clk 0:34:30]} Re4 {[%clk 0:14:19]} 30.
Nb3 Rcc4 {[%clk 0:09:29]} 31. Rxc4 {[%clk 0:30:45]} dxc4 {[%clk 0:09:45]} 32.
Rd4 {[%clk 0:30:42]} Re7 {[%clk 0:06:14]} 33. Rxc4 {[%clk 0:30:56]} Ka7 {[%clk
0:04:14]} 34. Nd2 {[%clk 0:29:39]} 1-0

[Event "DVM U20w 2018"]
[Site "Osnabrück GER"]
[Date "2018.12.28"]
[Round "3"]
[White "Köhler, Inken"]
[Black "Hartmann, Cora"]
[Result "1-0"]
[Termination "normal"]
[Board "2.2"]
[WhiteElo "1968"]
[BlackElo "1830"]
[WhiteClock "00:27:53"]
[BlackClock "00:17:57"]
[WhiteTeam "TuRa Harksheide von 1945 Norderstedt"]
[BlackTeam "SC Borussia Lichtenberg"]
[PlyCount "103"]
[WhiteFideId "12929301"]
[BlackFideId "16200764"]
[EventCountry "GER"]
[EventRounds "7"]
[EventType "team-swiss"]
[EventDate "2018.12.26"]

1. d4 d5 2. Bf4 Nf6 3. Nf3 Bf5 4. e3 e6 5. c4 c6 6. Nc3 Nbd7 7. Qb3 Qb6 8. c5
Qxb3 9. axb3 Be7 10. Be2 O-O 11. O-O Nh5 12. Bg5 Bxg5 13. Nxg5 Nhf6 14. Nf3
Rfe8 15. b4 e5 16. b5 e4 17. Nd2 Bg4 18. Bxg4 Nxg4 19. Ra3 a6 20. Rfa1 cxb5 21.
Nxb5 {[%clk 0:57:55]} Rec8 {[%clk 0:31:00]} 22. Nd6 {[%clk 0:57:29]} Rc7 23.
Rb3 Rb8 {[%clk 0:26:08]} 24. Rxb7 {[%clk 0:47:01]} Rcxb7 {[%clk 0:25:26]} 25.
Nxb7 {[%clk 0:47:22]} Rxb7 {[%clk 0:24:12]} 26. c6 {[%clk 0:47:46]} Rb8 {[%clk
0:17:42]} 27. cxd7 {[%clk 0:46:36]} Nf6 {[%clk 0:18:00]} 28. Rxa6 {[%clk
0:43:18]} Nxd7 29. Rd6 {[%clk 0:40:00]} Nf6 {[%clk 0:18:15]} 30. b3 {[%clk
0:37:10]} h6 {[%clk 0:18:13]} 31. Kf1 {[%clk 0:36:57]} Ra8 {[%clk 0:15:53]} 32.
Ke2 {[%clk 0:34:24]} Ra2 {[%clk 0:15:33]} 33. Rd8+ {[%clk 0:32:59]} Kh7 {[%clk
0:16:00]} 34. Rc8 {[%clk 0:32:47]} Ng4 35. Rc5 {[%clk 0:25:02]} Nf6 {[%clk
0:06:46]} 36. h3 {[%clk 0:23:57]} Kg6 37. Rc7 {[%clk 0:19:41]} Ne8 {[%clk
0:04:39]} 38. Rc8 {[%clk 0:18:33]} Nf6 {[%clk 0:04:51]} 39. Kd1 {[%clk
0:16:05]} Kf5 {[%clk 0:03:40]} 40. Kc1 {[%clk 0:13:19]} Ra1+ {[%clk 0:01:51]}
41. Nb1 {[%clk 0:13:05]} Ra2 {[%clk 0:29:31]} 42. Rc2 {[%clk 0:44:05]} Ra7
{[%clk 0:28:34]} 43. Kb2 {[%clk 0:43:36]} g5 {[%clk 0:25:45]} 44. g4+ {[%clk
0:39:19]} Kg6 {[%clk 0:25:02]} 45. Rc6 {[%clk 0:39:22]} Kg7 {[%clk 0:24:22]}
46. Nc3 {[%clk 0:38:53]} Rd7 {[%clk 0:21:54]} 47. b4 {[%clk 0:35:33]} h5 {[%clk
0:21:11]} 48. gxh5 {[%clk 0:31:46]} Nxh5 {[%clk 0:21:25]} 49. b5 {[%clk
0:30:45]} Nf6 {[%clk 0:21:18]} 50. b6 {[%clk 0:29:13]} Rb7 {[%clk 0:20:11]} 51.
Na4 Rb8 {[%clk 0:17:57]} 52. Nc5 {[%clk 0:27:53]} 1-0

[Event "DVM U20w 2018"]
[Site "Osnabrück GER"]
[Date "2018.12.28"]
[Round "3"]
[White "Wagner, Swenja"]
[Black "Greßmann, Hanna"]
[Result "1/2-1/2"]
[Termination "normal"]
[Board "2.3"]
[WhiteElo "1749"]
[BlackElo "1839"]
[WhiteClock "00:25:42"]
[BlackClock "00:24:05"]
[WhiteTeam "SC Borussia Lichtenberg"]
[BlackTeam "TuRa Harksheide von 1945 Norderstedt"]
[PlyCount "90"]
[WhiteFideId "12900494"]
[BlackFideId "12930709"]
[EventCountry "GER"]
[EventRounds "7"]
[EventType "team-swiss"]
[EventDate "2018.12.26"]

1. e4 {[%clk 1:30:57]} d6 {[%clk 1:31:00]} 2. d4 {[%clk 1:31:00]} Nf6 {[%clk
1:30:41]} 3. Nc3 Nbd7 {[%clk 1:29:51]} 4. Be3 {[%clk 1:29:28]} e5 {[%clk
1:29:31]} 5. dxe5 {[%clk 1:17:56]} dxe5 {[%clk 1:28:08]} 6. f3 {[%clk 1:15:22]}
c6 {[%clk 1:24:03]} 7. Bc4 {[%clk 1:13:14]} Be7 {[%clk 1:23:54]} 8. Nge2 {[%clk
1:10:34]} Qc7 {[%clk 1:16:44]} 9. a3 {[%clk 1:03:17]} a5 {[%clk 1:13:02]} 10.
a4 {[%clk 1:03:17]} Bc5 11. Qd2 {[%clk 0:53:59]} O-O 12. Nc1 {[%clk 0:53:24]}
Qb6 {[%clk 0:55:14]} 13. Bxc5 Qxc5 {[%clk 0:52:36]} 14. Bd3 {[%clk 0:51:03]}
Qe7 15. Nb3 {[%clk 0:50:26]} Re8 {[%clk 0:49:42]} 16. Ne2 {[%clk 0:48:18]} b6
{[%clk 0:48:03]} 17. Qc3 {[%clk 0:43:32]} Bb7 18. Ng3 {[%clk 0:38:27]} Nf8
{[%clk 0:39:15]} 19. Nf5 {[%clk 0:36:18]} Qc7 {[%clk 0:39:02]} 20. Bc4 {[%clk
0:34:40]} Bc8 {[%clk 0:36:25]} 21. g4 {[%clk 0:22:29]} Be6 {[%clk 0:28:10]} 22.
Nd2 Ng6 {[%clk 0:27:09]} 23. Bxe6 {[%clk 0:16:01]} Rxe6 {[%clk 0:25:21]} 24.
Kf2 {[%clk 0:13:39]} Nf4 {[%clk 0:19:41]} 25. Rhd1 g6 {[%clk 0:19:05]} 26. Ng3
{[%clk 0:10:51]} Qe7 27. Qe3 {[%clk 0:09:14]} b5 {[%clk 0:15:32]} 28. Nb3
{[%clk 0:08:13]} Qb4 29. Qc5 bxa4 {[%clk 0:13:33]} 30. Qxb4 {[%clk 0:07:33]}
axb4 {[%clk 0:13:57]} 31. Nc5 {[%clk 0:07:57]} Re7 {[%clk 0:14:07]} 32. Rxa4
{[%clk 0:08:17]} Rxa4 {[%clk 0:13:53]} 33. Nxa4 {[%clk 0:08:43]} Rd7 {[%clk
0:13:00]} 34. Rxd7 {[%clk 0:09:00]} Nxd7 {[%clk 0:13:26]} 35. Ne2 {[%clk
0:09:08]} Ne6 {[%clk 0:13:01]} 36. b3 {[%clk 0:09:12]} f6 {[%clk 0:09:46]} 37.
Nb2 {[%clk 0:05:57]} Kf7 {[%clk 0:07:21]} 38. Nd1 {[%clk 0:03:21]} Ndc5 {[%clk
0:05:33]} 39. Ne3 {[%clk 0:03:08]} Na6 {[%clk 0:05:09]} 40. Nc4 {[%clk
0:28:36]} Nac7 {[%clk 0:33:08]} 41. Nc1 Nb5 {[%clk 0:33:04]} 42. Nd3 {[%clk
0:28:11]} c5 43. Ke2 {[%clk 0:25:51]} Nbd4+ {[%clk 0:31:41]} 44. Kf2 {[%clk
0:25:42]} Ke7 {[%clk 0:24:05]} 45. Ne3 Nb5 1/2-1/2

[Event "DVM U20w 2018"]
[Site "Osnabrück GER"]
[Date "2018.12.28"]
[Round "3"]
[White "Giede, Anna-Blume"]
[Black "Fricke, Edna Marlene"]
[Result "1/2-1/2"]
[Termination "normal"]
[Board "2.4"]
[WhiteElo "1569"]
[BlackElo "1390"]
[WhiteClock "00:03:06"]
[BlackClock "00:05:41"]
[WhiteTeam "TuRa Harksheide von 1945 Norderstedt"]
[BlackTeam "SC Borussia Lichtenberg"]
[PlyCount "59"]
[WhiteFideId "12921980"]
[BlackFideId "12988839"]
[EventCountry "GER"]
[EventRounds "7"]
[EventType "team-swiss"]
[EventDate "2018.12.26"]

1. e4 {[%clk 1:30:57]} c5 {[%clk 1:30:50]} 2. Nc3 {[%clk 1:31:19]} Nc6 {[%clk
1:31:07]} 3. g3 {[%clk 1:31:40]} g6 {[%clk 1:31:22]} 4. Bg2 {[%clk 1:32:04]}
Bg7 {[%clk 1:31:43]} 5. d3 {[%clk 1:32:08]} e6 {[%clk 1:30:25]} 6. f4 {[%clk
1:32:09]} Nge7 {[%clk 1:30:00]} 7. Nf3 {[%clk 1:31:27]} O-O {[%clk 1:28:40]} 8.
O-O d5 {[%clk 1:27:10]} 9. exd5 {[%clk 1:14:12]} Nxd5 {[%clk 1:26:33]} 10. Nxd5
{[%clk 1:06:32]} exd5 {[%clk 1:26:41]} 11. c3 {[%clk 1:00:57]} d4 {[%clk
1:04:23]} 12. c4 {[%clk 0:55:45]} Rb8 {[%clk 1:02:55]} 13. Ng5 {[%clk 0:46:28]}
Ne7 {[%clk 0:48:43]} 14. Ne4 {[%clk 0:42:37]} b6 {[%clk 0:46:47]} 15. Re1
{[%clk 0:30:09]} Bb7 {[%clk 0:40:32]} 16. Rb1 {[%clk 0:25:23]} a5 {[%clk
0:34:52]} 17. a3 {[%clk 0:21:46]} Nf5 {[%clk 0:29:18]} 18. Kh1 {[%clk 0:18:55]}
Re8 {[%clk 0:22:34]} 19. Bf3 {[%clk 0:09:06]} Nd6 {[%clk 0:20:43]} 20. Bd2
{[%clk 0:07:11]} Nxe4 {[%clk 0:20:19]} 21. Bxe4 {[%clk 0:06:54]} Bxe4+ {[%clk
0:20:22]} 22. dxe4 {[%clk 0:06:46]} Qe7 {[%clk 0:19:43]} 23. Qc2 {[%clk
0:04:57]} Qb7 {[%clk 0:19:39]} 24. Kg1 {[%clk 0:04:27]} Rbd8 {[%clk 0:18:20]}
25. Qd3 {[%clk 0:04:30]} Rd7 {[%clk 0:15:36]} 26. Re2 {[%clk 0:04:34]} Rde7
{[%clk 0:15:28]} 27. Rbe1 {[%clk 0:04:48]} Qc6 {[%clk 0:13:46]} 28. b3 {[%clk
0:03:19]} Ra7 {[%clk 0:07:31]} 29. a4 {[%clk 0:03:08]} Rae7 {[%clk 0:05:41]}
30. Bc1 {[%clk 0:03:06]} 1/2-1/2

[Event "DVM U20w 2018"]
[Site "Osnabrück GER"]
[Date "2018.12.28"]
[Round "3"]
[White "Simon, Tessa"]
[Black "Bashylina, Luisa"]
[Result "1-0"]
[Termination "normal"]
[Board "3.1"]
[BlackTitle "WCM"]
[WhiteElo "1929"]
[BlackElo "1846"]
[WhiteClock "00:00:58"]
[BlackClock "00:13:48"]
[WhiteTeam "Muldental Wilkau-Haßlau"]
[BlackTeam "SG Solingen"]
[PlyCount "83"]
[WhiteFideId "12929395"]
[BlackFideId "12983292"]
[EventCountry "GER"]
[EventRounds "7"]
[EventType "team-swiss"]
[EventDate "2018.12.26"]

1. e4 {[%clk 1:30:59]} c5 {[%clk 1:30:55]} 2. Nf3 {[%clk 1:31:22]} e6 {[%clk
1:30:54]} 3. d4 {[%clk 1:31:44]} cxd4 {[%clk 1:31:20]} 4. Nxd4 {[%clk 1:32:08]}
a6 {[%clk 1:31:45]} 5. Nc3 {[%clk 1:32:31]} b5 {[%clk 1:32:00]} 6. Bd3 {[%clk
1:30:59]} Qc7 {[%clk 1:32:02]} 7. O-O {[%clk 1:29:21]} Bb7 {[%clk 1:32:11]} 8.
Re1 {[%clk 1:28:34]} Nf6 {[%clk 1:30:24]} 9. e5 {[%clk 1:13:01]} Nd5 {[%clk
1:27:05]} 10. Ne4 {[%clk 1:03:04]} Qb6 {[%clk 1:13:58]} 11. c3 {[%clk 0:49:19]}
Bc5 {[%clk 1:03:58]} 12. Nxc5 {[%clk 0:40:33]} Qxc5 {[%clk 1:04:20]} 13. Qg4
{[%clk 0:35:24]} Nc6 {[%clk 1:00:47]} 14. Nf3 {[%clk 0:27:51]} Nce7 {[%clk
0:58:15]} 15. Ng5 {[%clk 0:24:25]} f5 {[%clk 0:51:05]} 16. Qh5+ {[%clk
0:15:31]} g6 {[%clk 0:50:15]} 17. Qh6 {[%clk 0:15:21]} Qc6 {[%clk 0:43:58]} 18.
Bf1 {[%clk 0:14:22]} Qb6 {[%clk 0:36:04]} 19. a4 {[%clk 0:09:54]} f4 {[%clk
0:31:50]} 20. axb5 {[%clk 0:03:18]} Nf5 {[%clk 0:31:43]} 21. Qh3 {[%clk
0:03:46]} axb5 {[%clk 0:31:52]} 22. Rxa8+ {[%clk 0:04:07]} Bxa8 {[%clk
0:32:18]} 23. Bd3 {[%clk 0:03:11]} Qd8 {[%clk 0:30:45]} 24. Nf3 {[%clk
0:02:25]} Bc6 {[%clk 0:29:24]} 25. Bxf5 {[%clk 0:02:15]} gxf5 {[%clk 0:29:26]}
26. Qh5+ {[%clk 0:01:58]} Ke7 {[%clk 0:26:17]} 27. Qh4+ {[%clk 0:02:27]} Ke8
{[%clk 0:26:09]} 28. Qh5+ {[%clk 0:02:37]} Ke7 {[%clk 0:26:29]} 29. b3 {[%clk
0:01:59]} Qg8 {[%clk 0:24:51]} 30. Ba3+ {[%clk 0:01:36]} Kd8 {[%clk 0:23:52]}
31. c4 {[%clk 0:01:09]} bxc4 {[%clk 0:23:57]} 32. bxc4 {[%clk 0:01:38]} Nc3
{[%clk 0:22:26]} 33. Qh4+ {[%clk 0:01:46]} Kc8 {[%clk 0:22:38]} 34. Qxf4 {[%clk
0:02:10]} Qg6 {[%clk 0:22:16]} 35. Bb4 {[%clk 0:01:52]} Rg8 {[%clk 0:22:15]}
36. g3 {[%clk 0:02:11]} Ne4 {[%clk 0:22:03]} 37. Nd4 {[%clk 0:01:58]} Bb7
{[%clk 0:20:26]} 38. Nb5 {[%clk 0:01:29]} Qh5 {[%clk 0:18:38]} 39. Qe3 {[%clk
0:00:56]} Qh3 {[%clk 0:15:27]} 40. Qb6 {[%clk 0:00:37]} Qg2+ {[%clk 0:13:28]}
41. Kxg2 {[%clk 0:00:56]} Nxg3+ {[%clk 0:13:48]} 42. Kh3 {[%clk 0:00:58]} 1-0

[Event "DVM U20w 2018"]
[Site "Osnabrück GER"]
[Date "2018.12.28"]
[Round "3"]
[White "Müdder, Melanie"]
[Black "Moses, Selina"]
[Result "1/2-1/2"]
[Termination "normal"]
[Board "3.2"]
[WhiteElo "1863"]
[BlackElo "1922"]
[WhiteClock "00:06:37"]
[BlackClock "00:12:57"]
[WhiteTeam "SG Solingen"]
[BlackTeam "Muldental Wilkau-Haßlau"]
[PlyCount "52"]
[WhiteFideId "12994103"]
[BlackFideId "12908070"]
[EventCountry "GER"]
[EventRounds "7"]
[EventType "team-swiss"]
[EventDate "2018.12.26"]

1. e4 {[%clk 1:30:58]} c5 {[%clk 1:30:55]} 2. Nf3 {[%clk 1:31:23]} d6 {[%clk
1:31:22]} 3. d4 {[%clk 1:31:45]} cxd4 {[%clk 1:31:47]} 4. Nxd4 {[%clk 1:32:05]}
Nf6 {[%clk 1:32:11]} 5. Nc3 {[%clk 1:32:23]} a6 {[%clk 1:32:34]} 6. h3 {[%clk
1:31:58]} e5 {[%clk 1:32:34]} 7. Nde2 {[%clk 1:32:15]} h5 {[%clk 1:32:21]} 8.
Bg5 {[%clk 1:31:51]} Be6 {[%clk 1:31:21]} 9. Bxf6 {[%clk 1:29:32]} Qxf6 {[%clk
1:31:37]} 10. Nd5 {[%clk 1:26:15]} Qd8 {[%clk 1:31:54]} 11. Nec3 {[%clk
1:20:36]} Nd7 {[%clk 1:22:47]} 12. Qf3 {[%clk 0:56:07]} Rc8 {[%clk 1:14:14]}
13. Bd3 {[%clk 0:52:10]} g6 {[%clk 1:10:09]} 14. O-O {[%clk 0:46:07]} Bg7
{[%clk 1:00:08]} 15. Qg3 {[%clk 0:38:44]} h4 {[%clk 0:44:51]} 16. Qf3 {[%clk
0:35:01]} Nf6 {[%clk 0:37:13]} 17. Nxf6+ {[%clk 0:18:16]} Bxf6 {[%clk 0:37:04]}
18. Rad1 {[%clk 0:16:33]} Bg5 {[%clk 0:27:54]} 19. Rfe1 {[%clk 0:14:17]} Qb6
{[%clk 0:22:52]} 20. Nd5 {[%clk 0:12:25]} Bxd5 {[%clk 0:22:26]} 21. exd5 {[%clk
0:12:48]} Qd8 {[%clk 0:18:31]} 22. Qg4 {[%clk 0:09:40]} O-O {[%clk 0:15:32]}
23. Qb4 {[%clk 0:09:24]} Qc7 {[%clk 0:14:24]} 24. Qg4 {[%clk 0:06:29]} Qd8
{[%clk 0:13:44]} 25. Qb4 {[%clk 0:06:47]} Qc7 {[%clk 0:13:14]} 26. Qg4 {[%clk
0:06:37]} Qd8 {[%clk 0:12:57]} 1/2-1/2